A Review of Some Aspects of the Low-Income Country Debt Sustainability Framework.

The Bank-Fund Debt Sustainability Framework (DSF) is a standardized framework for analyzing debt-related vulnerabilities in low-income countries (LICs). It aims to help countries monitor their debt burden and take early preventive action, to provide guidance to creditors in ensuring their lending de...

ver descrição completa

Detalhes bibliográficos
Autor Corporativo: International Monetary Fund
Formato: Periódico
Idioma:English
Publicado em: Washington, D.C. : International Monetary Fund, 2009.
Colecção:Policy Papers; Policy Paper ; No. 2009/037
Acesso em linha:Full text available on IMF
LEADER 01566cas a2200241 a 4500
001 AALejournalIMF020083
008 230101c9999 xx r poo 0 0eng d
020 |c 5.00 USD 
020 |z 9781498335713 
022 |a 2663-3493 
040 |a BD-DhAAL  |c BD-DhAAL 
110 2 |a International Monetary Fund. 
245 1 2 |a A Review of Some Aspects of the Low-Income Country Debt Sustainability Framework. 
264 1 |a Washington, D.C. :  |b International Monetary Fund,  |c 2009. 
300 |a 1 online resource (47 pages) 
490 1 |a Policy Papers 
500 |a <strong>Off-Campus Access:</strong> No User ID or Password Required 
500 |a <strong>On-Campus Access:</strong> No User ID or Password Required 
506 |a Electronic access restricted to authorized BRAC University faculty, staff and students 
520 3 |a The Bank-Fund Debt Sustainability Framework (DSF) is a standardized framework for analyzing debt-related vulnerabilities in low-income countries (LICs). It aims to help countries monitor their debt burden and take early preventive action, to provide guidance to creditors in ensuring their lending decisions are consistent with countries' development goals, and to improve the Bank and Fund's assessments and policy advice. The DSF was last reviewed in 2006, and a reconsideration of some aspects of the framework is timely. 
538 |a Mode of access: Internet 
830 0 |a Policy Papers; Policy Paper ;  |v No. 2009/037 
856 4 0 |z Full text available on IMF  |u http://elibrary.imf.org/view/journals/007/2009/037/007.2009.issue-037-en.xml  |z IMF e-Library